00445cam a22000857a 4500008004000000082002100040245021200061260005000273700003600323180718b1960 xxu||||| |||| 00| 0 eng d aN4x42 Un3rcm/4/2 aRoyal commission on the police: Minutes of evidence 4 (part II) forth day, Wednesday, 27th April, 1960 (witness: association of chief police officers of England and Wales)cby Her Majesty's Stationery Office aLondonbHer Majesty's Stationery Officec1960 aHer Majesty's Stationery Office